UK hotel review 2003 (Record no. 73451)
[ view plain ]
| 000 -LEADER | |
|---|---|
| fixed length control field | 01063cam a2200229 4500 |
| 001 - CONTROL NUMBER | |
| control field | WB3936-05 |
| 008 - FIXED-LENGTH DATA ELEMENTS--GENERAL INFORMATION | |
| fixed length control field | 030924n2003 000 0 eng u |
| 035 ## - SYSTEM CONTROL NUMBER | |
| System control number | (Sirsi) u123711 |
| 245 ## - TITLE STATEMENT | |
| Title | UK hotel review 2003 |
| 260 ## - PUBLICATION, DISTRIBUTION, ETC. | |
| Date of publication, distribution, etc. | 2003 |
| 490 ## - SERIES STATEMENT | |
| Series statement | Knight Frank Research |
| Volume/sequential designation | Autumn 2003, 1-8(8) |
| 520 ## - SUMMARY, ETC. | |
| Summary, etc. | According to the 2003 edition of the "Knight Frank UK hotel review", the hotel industry has since mid-2003 demonstrated a more positive feeling with a cautiously optimistic take on the future. Improved trading figures are now being reported with overseas visitors starting to return. Provides overviews of the industry and sector transactions as well as a commentary on hotel finance, regional developments and emerging trends. http://www.knightfrankglobal.com/wip/pdf/10347.pdf |
| 590 ## - LOCAL NOTE (RLIN) | |
| Local note | WB |
| 650 ## - SUBJECT ADDED ENTRY--TOPICAL TERM | |
| Topical term or geographic name entry element | HOTELS |
| 650 ## - SUBJECT ADDED ENTRY--TOPICAL TERM | |
| Topical term or geographic name entry element | HOTEL INDUSTRY |
| 650 ## - SUBJECT ADDED ENTRY--TOPICAL TERM | |
| Topical term or geographic name entry element | HOTEL FINANCE |
| 650 ## - SUBJECT ADDED ENTRY--TOPICAL TERM | |
| Topical term or geographic name entry element | HOTEL INVESTMENT |
| 650 ## - SUBJECT ADDED ENTRY--TOPICAL TERM | |
| Topical term or geographic name entry element | HOTEL PERFORMANCE |
| 650 ## - SUBJECT ADDED ENTRY--TOPICAL TERM | |
| Topical term or geographic name entry element | HOTEL MARKET |
| 690 ## - LOCAL SUBJECT ADDED ENTRY--TOPICAL TERM (OCLC, RLIN) | |
| Topical term or geographic name as entry element | PROPERTY-COMMERCIAL PROPERTY-COMMERCIAL PROPERTY MARKET |
| 942 ## - ADDED ENTRY ELEMENTS (KOHA) | |
| Suppress in OPAC | 0 |
| Withdrawn status | Lost status | Source of classification or shelving scheme | Damaged status | Not for loan | Home library | Current library | Shelving location | Date acquired | Total Checkouts | Full call number | Barcode | Date last seen | Copy number | Price effective from | Koha item type |
|---|---|---|---|---|---|---|---|---|---|---|---|---|---|---|---|
| Dewey Decimal Classification | London | London | News article | 24/09/2003 | WB3936-05 | 123711-1001 | 06/08/2019 | 1 | 06/08/2019 | News article |